| 000 | 00000nam##2200000za#4500 |
| 001 | 9.567768 |
| 003 | CaOODSP |
| 005 | 20210624180934 |
| 007 | cr ||||||||||| |
| 008 | 150406|1999||||xxc|||||o f|0| 0 eng|d |
| 040 | |aCaOODSP|beng |
| 043 | |an-cn--- |
| 086 | 1 |aBT31-2/2000-III-8E-PDF |
| 110 | 1 |aCanada. |bTreasury Board. |
| 245 | 10|aSocial Sciences and Humanities Research Council of Canada, 1999-2000 estimates, report on plans and priorities |h[electronic resource] |
| 260 | |aOttawa - Ontario : |bTreasury Board of Canada Secretariat |c[1999]. |
| 300 | |a40p.|borganization chart, references, tables |
| 490 | 1 |a1999-2000 estimates. Part III, Report on plans and priorities |v1999-2000 |
| 590 | |a10-13-Supp|b2010-11-23 |
| 775 | 08|tConseil de recherches en sciences humaines du Canada, budget des dépenses 1999-2000, un rapport sur les plans et les priorités |w(CaOODSP)9.599089 |
| 776 | 0#|tSocial Sciences and Humanities Research Council of Canada |w(CaOODSP)9.531592 |
| 776 | 0#|tConseil de recherches en sciences humaines du Canada |w(CaOODSP)9.531593 |
| 830 | #0|a1999-2000 estimates. Part III, Report on plans and priorities ;|v1999-2000|w(CaOODSP)9.505715 |
| 856 | 40|ahttp://publications.gc.ca|qPDF|s448 KB|uhttps://publications.gc.ca/collections/Collection/BT31-2-2000-III-8E.pdf|y1999-2000 |